00538nam a2200169Ia 4500003000900000008004100009040001600050080002300066245012700089260003500216300001500251650001400266650002000280650001900300700002300319700002600342IN-BaIIA211028s9999 xx 000 0 eng d cIIA Library a047.1:681.3bADV-8 0aAdvances in computersbvol. 8cedited by Franz L. Alt and Morris Rubinoff  aNew YorkbAcademic Pressc1967 axii, 345p. aComputers aData processing aNASA Thesaurus aAlt, Franz L., ed. aRubinoff, Morris, ed.